Anagrammes - Vocabulaire - Série 12 - Statistiques

Statistiques générales
  • Ce quiz a été pris 99 fois
  • Le résultat moyen est 8 sur 14
Statistiques - réponses
Indice Anagramme Mot % Correct
objet ECHOS chose
100%
morceau RAPT part
99%
pays LIBRES Bresil
94%
prévenir ALTERER alerter
72%
prénom ASILE Elisa
72%
accord NENETTE entente
70%
pâté RETENIR terrine
61%
départ ROSES essor
58%
bacs SERVIE eviers
57%
bêtises AERIENS aneries
53%
boisson QUALITE tequila
51%
calmant DEFAITS sedatif
32%
douanier BELOUGA gabelou
13%
message RECULOIR courriel
9%
Aucun quiz correspondant
Distribution des résultats
% des personnes avec chaque résultat
Percentile par nombre de réponses
Votre historique - résultats
Vous n’avez pas pris ce quiz